Registration, Management and Winding-up of Companies in South Africa / (Record no. 175)

MARC details
000 -LEADER
fixed length control field 00565nam a22001697a 4500
005 - DATE AND TIME OF INPUT
control field 20231031095206.0
008 - DATA ELEMENTS--GENERAL INFORMATION
fixed length control field 231031b |||||||| |||| 00| 0 eng d
020 ## - INTERNATIONAL STANDARD BOOK NUMBER
International Standard Book Number 0702103578
041 ## - LANGUAGE CODE
Language code of text English
082 ## - SHELF NUMBER
DDC number 346.6 SHR
100 ## - MAIN AUTHOR
Main author's name Shrand, D and Keeton AAF
Language of a work English
245 ## - TITLE STATEMENT
Title Registration, Management and Winding-up of Companies in South Africa /
Statement of responsibility, etc. D Shrand and AFF Keeton
260 ## - PUBLICATION, DISTRIBUTION, ETC.
Place of publication, distribution, etc. Cape Town :
Name of publisher, distributor, etc. Juta and Company Ltd,
Date of publication, distribution, etc. 1988
300 ## - PHYSICAL DESCRIPTION
Other physical details 19 pages ;
Dimensions 25 cm.
650 ## - SUBJECT`
Broad subject legal practice
Own subject terms Law
942 ## - ADDED ENTRY ELEMENTS (KOHA)
Item type Books
942 ## - ADDED ENTRY ELEMENTS (KOHA)
-- ALISON_BN_VRIES
Holdings
Source of classification or shelving scheme Not for loan Collection code Home library Current library Shelving location Date acquired Full call number Barcode Price effective from Koha item type
Dewey Decimal Classification   TEXT BOOKS LAW SOCIETY OF NAMIBIA LIBRARY - WINDHOEK LAW SOCIETY OF NAMIBIA LIBRARY - WINDHOEK Corporate, commercial and company law 10/31/2023 346.6 SHR LSN/1988/87 10/31/2023 Books